000 01254nam a2200229Ia 4500
001 L220-4085
003 IT-CnALBA
008 170116s9999||||xx |||||||||||||| ||und||
040 _aIT-CnALBA
_cIT-CnALBA
041 _aITALIANO
100 _aPAOLO, APOSTOLO E SANTO
245 0 _aLA SACRA BIBBIA. NUOVO TESTAMENTO. FILIPPESI COLOSS. TESSAL. TIMOTEO TITO FILEM. EBREI PIETRO GIAC. GIOV. GIUDA APOCAL.
250 _a1a ed.
260 _a MONDOVI
_bVESCOVILE TIPOG. EDITRICE
_c1898 [1° Ed.:1898 - Ed.Ling.Originale: 1898]
300 _a762 p. (prefazione: 34)
500 _aLETTERA AI FILIPPESI, COLOSSESI, I E II AI TESSALONICESI, I E II A TIMOTEO, TITO, FILEMONE, EBREI, GIACOMO, I E II DI PIETRO, I, II E III DIOVANNI, GIUDA, APOCALISSE. TRADUZIONE DALLA VULGATA DI ANTONIO MARTINI. INTRODUZIONI.
501 _aSocietà San Paolo EM - Piazza San Paolo, 14 - 12051 ALBA (CN) (non commercial uses only) ® Copyright 2017
520 _aLETTERA AI FILIPPESI, COLOSSESI, I E II AI TESSALONICESI, I E II A TIMOTEO, TITO, FILEMONE, EBREI, GIACOMO, I E II DI PIETRO, I, II E III DIOVANNI, GIUDA, APOCALISSE. TRADUZIONE DALLA VULGATA DI ANTONIO MARTINI. INTRODUZIONI.
650 _aBIBBIA - TESTI E COMMENTI
942 _cBK
957 _71
999 _a5063
_bSI
_g Copie: 1
_c263271
_d263271